000 00747nam a2200241Ia 4500
003 OSt
005 20230425113211.0
008 210423s2012 xx 000 0 und d
020 _a9780070635814
040 _cAL
041 _aeng
082 _a332
_223
_bSAUA
100 _aSAUNDERS (Anthony);CORNETT (Marcia Millon)
_992482
245 _aFinancial markets and institutions: an introduction to the risk management apporach
250 _a3
260 _aNew Delhi
_bTata McGraw-hill
_c2012
300 _axxiii,721
_bPB
365 _b620
_cINR
650 _aEconomics
_992483
650 _aFinancial Economics
_992484
906 _aan ; apporach ; Financial ; institutions: ; introduction ; management ; markets ; risk
942 _2ddc
_cBK
999 _c160989
_d160989